RURAL EXTENSION HANDBOOK (Record no. 5163)

MARC details
000 -LEADER
fixed length control field 00388nam a22001697a 4500
005 - DATE AND TIME OF LATEST TRANSACTION
control field 20160903122003.0
008 - FIXED-LENGTH DATA ELEMENTS--GENERAL INFORMATION
fixed length control field 160903b xxu||||| |||| 00| 0 eng d
020 ## - INTERNATIONAL STANDARD BOOK NUMBER
ISBN 81-8189-179-1
041 ## - LANGUAGE CODE
Language code of text/sound track or separate title eng
082 ## - DEWEY DECIMAL CLASSIFICATION NUMBER
Item number 20914
100 ## - MAIN ENTRY--AUTHOR NAME
Personal name VIJENDER SINGH , M.S. VASISHTHA
245 ## - TITLE STATEMENT
Title RURAL EXTENSION HANDBOOK
250 ## - EDITION STATEMENT
Edition statement 1 ST
260 ## - PUBLICATION, DISTRIBUTION, ETC. (IMPRINT)
Name of publisher IBDC
Year of publication 2007
300 ## - PHYSICAL DESCRIPTION
Number of Pages 70
942 ## - ADDED ENTRY ELEMENTS (KOHA)
Koha item type Books
Holdings
Lost status Damaged status Collection code Home library Current library Shelving location Date acquired Source of acquisition Cost, normal purchase price Full call number Accession Number Copy number Koha item type
    Reference JRU Library JRU Library SHELF-74-N 03/09/2016 PURCHASE 325.00 20914 20914 20914 Books
    AGRICULTURE JRU Library JRU Library SHELF-43-B 03/09/2016 PURCHASE 325.00 20914 20915 3 Books
    AGRICULTURE JRU Library JRU Library SHELF-43-B 03/09/2016 PURCHASE 325.00 20914 20916   Books